A TEXT BOOK OF ORAL PATHOLOGY (Record no. 2712)

MARC details
000 -LEADER
fixed length control field 00364nam a2200145Ia 4500
008 - FIXED-LENGTH DATA ELEMENTS--GENERAL INFORMATION
fixed length control field 150201s2003 xx 000 0 und d
082 ## - DEWEY DECIMAL CLASSIFICATION NUMBER
Classification number 616.07
Item number O2003S
100 ## - MAIN ENTRY--PERSONAL NAME
Personal name SHAFERS
245 #2 - TITLE STATEMENT
Title A TEXT BOOK OF ORAL PATHOLOGY
250 ## - EDITION STATEMENT
Edition statement 4TH
260 ## - PUBLICATION, DISTRIBUTION, ETC. (IMPRINT)
Name of publisher, distributor, etc. SAUNDERS
Place of publication, distribution, etc. GREATER KAILASH-2 (NEW DELHI)
Date of publication, distribution, etc. 2003
300 ## - PHYSICAL DESCRIPTION
Extent 1-917
650 ## - SUBJECT ADDED ENTRY--TOPICAL TERM
Topical term or geographic name as entry element PATHOLOGY
942 ## - ADDED ENTRY ELEMENTS (KOHA)
Source of classification or shelving scheme Dewey Decimal Classification
Koha item type Books
Koha issues (borrowed), all copies 9
Holdings
Withdrawn status Lost status Source of classification or shelving scheme Damaged status Not for loan Home library Current library Date acquired Source of acquisition Cost, normal purchase price Serial Enumeration / chronology SGTU Bill Number Total Checkouts Full call number Barcode Date last seen Date last checked out Bill Date Koha item type Total Renewals
    Dewey Decimal Classification     SGT Dental Library SGT Dental Library 13/07/2003 U.B.S.DELHI 465.00 1 SGTU 279 11 616.07 O2003S FD1049 23/12/2024 16/12/2024 10/02/2012 Books  
    Dewey Decimal Classification     SGT Dental Library SGT Dental Library 13/07/2003 U.B.S.DELHI 465.00 1 SGTU 279 17 616.07 O2003S FD1050 17/11/2018 13/11/2018 10/02/2012 Books 1
    Dewey Decimal Classification     SGT Dental Library SGT Dental Library 13/07/2003 U.B.S.DELHI 465.00 1 SGTU 279 46 616.07 O2003S FD1051 01/12/2021 26/11/2021 10/02/2012 Books  
    Dewey Decimal Classification     SGT Dental Library SGT Dental Library 13/07/2003 U.B.S.DELHI 465.00 1 SGTU 279 1 616.07 O2003S FD1052 18/11/2015 31/10/2015 10/02/2012 Books  
    Dewey Decimal Classification     SGT Dental Library SGT Dental Library 13/07/2003 U.B.S.DELHI 465.00 1 SGTU 279 8 616.07 O2003S FD1053 27/10/2023 13/03/2016 10/02/2012 Books